| 000 | 00000nam 2200000zi 4500 |
| 001 | 9.907082 |
| 003 | CaOODSP |
| 005 | 20240214112716 |
| 006 | m o d f |
| 007 | cr cn||||||||| |
| 008 | 220119e202203 oncab ob f000 0 fre d |
| 020 | |a9780660417011 |
| 040 | |aCaOODSP|bfre|erda|cCaOODSP |
| 043 | |an-cn--- |
| 086 | 1 |aH144-99/2022F-PDF |
| 245 | 00|aExposition à la pollution atmosphérique liée à la circulation automobile au Canada : |bune évaluation de la proximité des populations aux routes. |
| 264 | 1|aOttawa (Ontario) : |bSanté Canada = Health Canada, |cmars 2022. |
| 264 | 4|c©2022 |
| 300 | |a1 ressource en ligne (ix, 72 pages) : |billustrations en couleur, cartes en couleur |
| 336 | |atexte|btxt|2rdacontent/fre |
| 337 | |ainformatique|bc|2rdamedia/fre |
| 338 | |aressource en ligne|bcr|2rdacarrier/fre |
| 500 | |aLe fichier de publication original en format PDF a été remplacé avec une version accessible le 14-02-2024 à la requête de Santé Canada. |
| 500 | |aPublié aussi en anglais sous le titre : Exposure to traffic-related air pollution in Canada : an assessment of population proximity to roadways. |
| 500 | |a« Pub. : 210608. » |
| 504 | |aComprend des références bibliographiques. |
| 520 | |a« Le présent rapport actualise des estimations antérieures de la proximité de la population aux routes à circulation élevée (RCE) comme substitut pour l'exposition à la PACA au Canada. On présume que les conditions routières sur les RCE influencent les concentrations environnantes de polluants atmosphériques; les RCE comprennent les routes express, les autoroutes, les routes de dégagement et les routes principales. Voici les objectifs du rapport : estimer la taille des populations vivant à proximité de RCE à plusieurs niveaux géographiques; déterminer si certains groupes d'âge sont plus susceptibles de vivre à proximité de RCE; déterminer si certains groupes de statut socioéconomique (SSE) sont plus susceptibles de vivre à proximité de RCE; estimer la proportion des établissements d'enseignement et des établissements de soins de longue durée établis à proximité de RCE; indiquer de quelle façon les approches de proximité peuvent être envisagées pour l'élaboration de politiques en vue de réduire l'exposition à la PACA et son fardeau pour la santé » -- Résumé, page 2. |
| 650 | 6|aAir|xPollution|xAspect sanitaire|zCanada. |
| 650 | 6|aAutomobiles|xMoteurs|xGaz d'échappement|xAspect sanitaire|zCanada. |
| 650 | 6|aRoutes|xAspect sanitaire|zCanada. |
| 710 | 1 |aCanada. |bSanté Canada, |eorganismes de publication. |
| 775 | 08|tExposure to traffic-related air pollution in Canada : |w(CaOODSP)9.907080 |
| 856 | 40|qPDF|s1.71 Mo|uhttps://publications.gc.ca/collections/collection_2022/sc-hc/H144-99-2022-fra.pdf |